000 00492nam a2200193Ia 4500
008 240513s9999 xx 000 0 und d
020 _a0000907876978
041 _aEng
082 _a519.68/13
082 _bNS
100 _aCOCKERELL, Pete
245 0 _aISO - Pascal on the BBC microcomputer and Acorn Electron
260 _bCambridge : Acornsoft
260 _c1984
300 _a189 p.
650 _aBBC microcomputers : Acorn Electron computers
942 _2ddc
942 _cLBK
999 _c21809
_d21809
945 _a1
_bMadushi Gamage
_c1
_dMadushi Gamage